01050ngm a2200253 a 450000500170000000800410001708200190005810000310007724500710010825000190017930000620019849000390026050000900029965000680038965000470045765000440050465000530054870000300060126400420063133600270067333700330070033800280073304000350076120220317001257.0160825s1989 ck g 000 0 spa 04a791.436bM14rd1 aGaviria, Víctor d1955- 10aRodrigo D. no futurocdirección Victor Gaviriahvideograbación a1a. edición  a1 videocsaete en VHS (91 minutos)bsonido, color c20 cm  aLa maletappelículas colombianas aLa película pertenece a la colección La Maleta. Dirigida para un público adulto142LEMBaPelículas cinematográficas colombianasvVideocasetes 142LEMBaViolencia en el cine vVideocasetes 142LEMBaMuerte en el cine vVideocasetes 142LEMB aDrogadicción en el cine vVideocasetes 1 aGaviria, Víctord1955-  aBogotábMinisterio de Culturac1989 atextobtxt2rdacontent asin mediaciónbn2rdamedia avolumenbnc2rdacarrier aCO-BoRNBPbspaerdacCO-BoRNBP